00960cam a22002651 4500001001300000003000400013005001700017008004100034010001700075035001900092040002800111042001200139043001200151050002100163100003700184245007500221260004800296300008700344490004100431500006400472500006700536650004100603710003300644999001700677gs 37000205 DLC20260227111342.0800627s1937 dcuabf f001 0 eng  ags 37000205  a(OCoLC)6467709 aDLCcICharEdOCoLCdDLC apremarc an-us-or00aQE75b.B9 no.8751 aMoore, Bernard Nettleton,d1906-10aNonmetallic mineral resources of eastern Oregon,cby Bernard N. Moore. aWashington,bU.S. Govt. Print. Off.,c1937. aviii, 180 p.bincl. illus., tables, 16 pl. (incl. fold. maps (4 in pocket)c23 cm.0 aU.S. Geological survey. Bulletin 875 aAt head of title: United States Department of the Interior. aPrepared in cooperation with the State mining board of Oregon. 0aMines and mineral resourceszOregon.1 aOregon.bState Mining Board. c27367d27367